• 首页
  • 本馆介绍
  • 公告通知
  • 最新文献
  • 馆藏检索
  • 电子资源
  • 读者导购
  • 参考咨询
  • 我的图书馆
  • 登录
  • 详细信息显示
  • 放入我的书架
  • 预约/预借图书
  • 作者相关作品
  • 分类相关作品
  • 丛书相关作品
  • 出版社相关作品

书目信息

  • 表格格式
  • 工作单格式
  • 卡片格式
题名:
教师的教育科研方法
    
 
作者: 赵家荣 , 乔建中 主编
分册:  
出版信息: 北京   北京师范大学出版社  2014
页数: 190页
开本: 23cm
丛书名: 高等院校教师教育系列教材
单 册:
中图分类: G40-034
科图分类:
主题词: 教育科学--jiao yu ke xue--研究方法--高等学校--教材
电子资源:
ISBN: 978-7-303-17375-4
000 00920nam 2200277 450
001 012001002310
005 20131028114022.0
010    @a978-7-303-17375-4@dCNY32.00
099    @aCAL 012014044950
100    @a20140310d2014 ekmy0chiy0120 ea
101 0  @achi
102    @aCN@b110000
105    @aak a 000yy
106    @ar
200 1  @a教师的教育科研方法@Ajiao shi de jiao yu ke yan fang fa@f赵家荣, 乔建中主编
210    @a北京@c北京师范大学出版社@d2014
215    @a190页@c图@d23cm
225 2  @a高等院校教师教育系列教材@Agao deng yuan xiao jiao shi jiao yu xi lie jiao cai
320    @a有书目 (第189-190页)
410  0 @12001@a高等院校教师教育系列教材
606 0  @a教育科学@Ajiao yu ke xue@x研究方法@x高等学校@j教材
690    @aG40-034@v5
701  0 @a赵家荣@Azhao jia rong@4主编
701  0 @a乔建中@Aqiao jian zhong@4主编
801  2 @aCN@b江苏凤凰@c20191020
905    @b1228613-6@dG40-034@e1020@f4
    
    教师的教育科研方法/赵家荣, 乔建中主编.-北京:北京师范大学出版社,2014
    190页:图;23cm.-(高等院校教师教育系列教材)
    
    
    ISBN 978-7-303-17375-4:CNY32.00
    
●
相关链接 在E读中查询图书 在五车中查询图书 在当当中查询图书 在豆瓣中查询图书


正题名:教师的教育科研方法     索取号:G40-034/1020         预约/预借

序号 登录号 条形码 馆藏地/架位号 状态 备注
1 1228613   212286131   第一样本阅览室/ [索取号:G40-034/1020] 在馆    
2 1228614   212286140   教育系资料室/ [索取号:G40-034/1020] 在馆    
3 1228615   212286159   教育系资料室/ [索取号:G40-034/1020] 在馆    
4 1228616   212286168   第四借阅区/ [索取号:G40-034/1020] 在馆    
唐山师范学院图书馆 欢迎您!
大连网信软件有限公司© 版权所有